[Event "World Junior U20 Open 2018"]
[Site "Gebze"]
[Date "2018.09.08"]
[Round "5.12"]
[White "Lorparizangeneh, Shahin"]
[Black "Bai, Jinshi"]
[Result "1/2-1/2"]
[WhiteElo "2491"]
[BlackElo "2556"]
[Annotator "TA"]
[PlyCount "71"]
[EventDate "2018.09.05"]
[EventType "swiss"]
[EventCountry "TUR"]
[SourceTitle "playchess.com"]
[Source "ChessBase"]
[SourceQuality "1"]

{[%evp 22,71,36,30,46,36,40,19,37,8,26,0,0,0,0,0,0,-8,-2,-9,-8,-8,0,0,0,0,0,0,0,-1,0,0,0,0,0,0,0,0,0,0,0,0,0,0,0,0,0,0,0,0,0,0]} 1. d4 d5 2. c4 c6 3. Nf3 Nf6 4. e3 g6 5. Nc3 Bg7 6. Be2 O-O 7. O-O a6 8. a4 a5 9. cxd5 cxd5 10. Qb3 Nc6 {D94: Grünfeldindisch (Geschlossenes System)} 11. Bd2 Qd6 12. Rfc1 {LiveBook: 4 Partien} Bd7 {Weiß hat minimalen Vorteil.} 13. Nb5 $146 ({Vorgänger:} 13. Qa3 Qb8 14. Nb5 Rd8 15. Be1 Bf8 16. Qb3 e6 17. h3 Ne4 18. Nd2 Nd6 19. Nb1 Nf5 20. N1c3 Nb4 21. Na2 Nc6 22. Nac3 Nb4 23. Na2 Nc6 24. Nac3 Nb4 25. Na2 {½-½ (25) Fressinet,L (2700)-Kamsky,G (2762) Beijing 2012}) 13... Qb8 14. Bc3 Rc8 15. h3 b6 16. Ne5 Nxe5 {Die Stellung ist ausgeglichen.} 17. dxe5 Ne4 18. f4 Bxb5 19. Bxb5 Nxc3 20. Rxc3 e6 21. Rac1 Rxc3 22. Qxc3 Bf8 23. Qc7 Bc5 24. Qxb8+ Rxb8 $11 {[%mdl 4096] Endspiel KTL-KTL} 25. Kf2 Kg7 26. Kf3 h5 27. h4 Ra8 28. Rd1 Be7 29. g3 Rc8 30. e4 dxe4+ 31. Kxe4 Rc2 32. b3 Bc5 33. Rd3 f5+ 34. exf6+ $1 Kxf6 35. Bc4 Re2+ 36. Kf3 {Precision: Weiß = 68%, Schwarz = 77%.} 1/2-1/2

[Event "World Junior U20 Open 2018"]
[Site "Gebze"]
[Date "2018.09.08"]
[Round "5.13"]
[White "Hakobyan, Aram"]
[Black "Makhnev, Denis"]
[Result "1-0"]
[WhiteElo "2554"]
[BlackElo "2449"]
[Annotator "TA"]
[PlyCount "133"]
[EventDate "2018.09.05"]
[EventType "swiss"]
[EventCountry "TUR"]
[SourceTitle "playchess.com"]
[Source "ChessBase"]
[SourceQuality "1"]

{[%evp 26,132,22,22,25,27,33,33,33,0,22,20,22,24,35,27,31,34,30,0,33,24,29,33,39,33,27,0,38,24,66,50,68,64,69,56,76,56,58,32,33,38,41,33,81,11,11,11,25,11,25,0,0,0,0,0,147,143,141,100,87,0,16,0,0,0,16,6,0,-202,-204,-193,-170,-171,-95,-79,0,0,30,0,0,0,0,0,0,0,0,0,397,395,372,393,362,345,350,316,272,286,252,133,979,980,29996,29997,29997,29998,29998,29999,29999]} 1. e4 e5 2. Nf3 Nc6 3. Bb5 Nf6 4. O-O Nxe4 5. Re1 Nd6 6. Nxe5 Nxe5 7. Rxe5+ Be7 8. Bf1 O-O 9. d4 Ne8 {C67: Ruy Lopez: Berlin Defence: 4 0-0 Nxe4} 10. d5 d6 11. Re1 Bg5 12. Nc3 Bxc1 13. Rxc1 Nf6 14. Qd4 {[#] LiveBook: 4 Games} Re8 $146 ({Predecessor:} 14... Bf5 15. h3 h5 16. Bd3 Bxd3 17. Qxd3 {½-½ (31) Sprenger,J (2513)-Naiditsch,A (2702) Antalya 2017}) 15. Bd3 Bd7 16. h3 a6 17. Qb4 Rb8 18. a4 h6 19. a5 Qc8 20. Qc4 Bf5 21. Rxe8+ Nxe8 22. Bf1 h5 23. Nd1 Qd8 24. Ne3 Bd7 25. Qb4 b6 26. b3 Bb5 27. axb6 Rxb6 28. Qd4 Nf6 29. Ra1 Qe8 30. Bxb5 Qxb5 31. Qd2 Ne4 32. Qe1 {aiming for Nc4.} Rb8 33. Ra4 Re8 34. Rc4 Qb6 35. Rc6 ({White should play} 35. Nf5 $1 $16 Nf6 36. Qd2) 35... Qa7 $11 36. Qe2 $36 {[%mdl 2048] White has some pressure.} a5 37. Rc4 g6 38. Qd3 Nc5 $1 {[%cal Rc5d3]} 39. Qc3 Re4 40. g4 {Strongly threatening gxh5.} Re5 (40... Rxc4 $11 {keeps the balance.} 41. Qxc4 a4 42. bxa4 Qxa4) 41. gxh5 $16 gxh5 42. Kf1 Qa6 {[#] Threatening ...a4.} 43. Ke1 (43. Kg2 $1 $16) 43... Qb5 $11 44. Kd1 Ne4 45. Qe1 {With the idea Kc1.} Qd7 46. f4 Re8 47. f5 $2 (47. Qh4 $11 {and White is okay.}) 47... Qe7 $19 48. Kc1 Qe5 {[%cal Re5a1]} 49. Qxa5 Qg3 (49... c5 $19 {White must now prevent ...Ng3.} 50. Nd1 Qxd5) 50. Nd1 $17 Qf4+ (50... Qxh3 $17 51. Nc3 Qxf5) 51. Kb2 $11 {Nc3 is the strong threat.} Qxf5 52. Rxc7 Qxh3 53. Qa4 Re5 54. Qa8+ Kg7 55. Rc8 $1 {[%cal Rc8g8]} Qf3 56. Rg8+ Kf6 $2 {[%mdl 8192]} (56... Kh7 $1 $11 57. Rh8+ Kg6 58. Qg8+ Kf6) 57. Qd8+ $18 Kf5 {[#]} 58. Rg1 $1 {[%cal Rg1f1]} Nf6 59. Qc8+ ({Not} 59. Qxd6 Nxd5 60. Qf8 Re7 $16) 59... Kf4 60. Qc4+ Qe4 61. Qf1+ Qf3 62. Qa6 (62. Qxf3+ $18 Kxf3 63. Rf1+ Ke2 64. Rxf6 Kxd1 65. c4 (65. Rxf7 Rxd5 66. b4 Ke2 $16)) 62... Qxd5 $2 {[%mdl 8192]} (62... Re2 $16) 63. Nc3 Qe6 64. Qf1+ {White mates.} Ke3 65. Qd3+ Kf4 66. Qg3+ Kf5 67. Rf1# {Precision: White = 61%, Black = 57%.} 1-0

[Event "World Junior U20 Open 2018"]
[Site "Gebze"]
[Date "2018.09.08"]
[Round "5.14"]
[White "Janik, Igor"]
[Black "Lomasov, Semyon"]
[Result "1-0"]
[WhiteElo "2447"]
[BlackElo "2545"]
[Annotator "ChessBase"]
[PlyCount "111"]
[EventDate "2018.09.05"]
[EventType "swiss"]
[EventCountry "TUR"]
[SourceTitle "playchess.com"]
[Source "ChessBase"]
[SourceQuality "1"]
[TimeControl "40/5400+30:1800+30"]

1. d4 {[%emt 0:00:30]} Nf6 {[%emt 0:00:30]} 2. c4 {[%emt 0:00:30]} e6 {[%emt 0:00:30]} 3. g3 {[%emt 0:00:00]} Bb4+ {[%emt 0:01:30]} 4. Bd2 {[%emt 0:00:00]} a5 {[%emt 0:00:30]} 5. Bg2 {[%emt 0:00:00]} d5 {[%emt 0:00:30]} 6. a3 {[%emt 0:06:00]} Bxd2+ {[%emt 0:06:30]} 7. Nxd2 {[%emt 0:00:30]} O-O {[%emt 0:00:30]} 8. Ngf3 {[%emt 0:00:30]} Nbd7 {[%emt 0:08:30]} 9. Rc1 {[%emt 0:01:30]} c6 {[%emt 0:00:30]} 10. O-O {[%emt 0:00:30]} b6 {[%emt 0:00:30]} 11. Qc2 {[%emt 0:02:30]} Ba6 {[%emt 0:04:30]} 12. Rfe1 {[%emt 0:13:30]} Rc8 {[%emt 0:00:30]} 13. e4 {[%emt 0:00:30]} dxe4 {[%emt 0:24:30]} 14. Nxe4 {[%emt 0:01:30]} Nxe4 {[%emt 0:00:00]} 15. Rxe4 {[%emt 0:01:30]} Nf6 {[%emt 0:00:00]} 16. Rh4 {[%emt 0:00:30]} c5 {[%emt 0:05:30]} 17. dxc5 {[%emt 0:06:30]} bxc5 {[%emt 0:04:30]} 18. Ne5 {[%emt 0:02:30]} h6 {[%emt 0:04:30]} 19. Qc3 {[%emt 0:05:30]} a4 {[%emt 0:06:30]} 20. Bc6 {[%emt 0:11:30]} Qc7 {[%emt 0:07:30]} 21. Re1 {[%emt 0:02:30]} Bb7 {[%emt 0:02:30]} 22. Bxa4 {[%emt 0:01:30]} Rfd8 {[%emt 0:00:49]} 23. Bc2 {[%emt 0:04:30]} Qd6 {[%emt 0:01:40]} 24. Bd3 {[%emt 0:07:30]} Rc7 {[%emt 0:01:26]} 25. Re3 {[%emt 0:02:30]} Nh7 {[%emt 0:08:15]} 26. Qc2 {[%emt 0:05:30]} f5 {[%emt 0:01:18]} 27. f3 {[%emt 0:08:16]} Ng5 {[%emt 0:01:18]} 28. Qc3 {[%emt 0:01:26]} Rcc8 {[%emt 0:01:22]} 29. Kf2 {[%emt 0:01:31]} Qc7 {[%emt 0:00:38]} 30. Be2 {[%emt 0:01:11]} Rd6 {[%emt 0:01:32]} 31. b4 {[%emt 0:00:32]} Rcd8 {[%emt 0:00:42]} 32. Nd3 {[%emt 0:02:21]} Rd4 {[%emt 0:00:59]} 33. Kg2 {[%emt 0:04:35]} cxb4 {[%emt 0:03:43]} 34. axb4 {[%emt 0:00:13]} e5 {[%emt 0:01:37]} 35. Nxe5 {[%emt 0:00:33]} Rxh4 {[%emt 0:01:21]} 36. gxh4 {[%emt 0:00:08]} f4 {[%emt 0:00:17]} 37. Rd3 {[%emt 0:02:34]} Re8 {[%emt 0:00:00]} 38. hxg5 {[%emt 0:00:10]} Rxe5 {[%emt 0:00:59]} 39. Rd8+ {[%emt 0:00:44]} Kf7 {[%emt 0:00:30]} 40. Rd7+ {[%emt 0:00:00]} Qxd7 {[%emt 0:00:42]} 41. Qxe5 {[%emt 0:00:16]} Qg4+ {[%emt 0:00:00]} 42. Kf2 {[%emt 0:00:30]} Qh4+ {[%emt 0:04:22]} 43. Kf1 {[%emt 0:05:30]} Qxh2 {[%emt 0:05:30]} 44. Qc7+ {[%emt 0:00:30]} Kg6 {[%emt 0:00:30]} 45. Qxb7 {[%emt 0:02:30]} Qh1+ {[%emt 0:00:00]} 46. Kf2 {[%emt 0:00:00]} Qh2+ {[%emt 0:00:00]} 47. Ke1 {[%emt 0:00:00]} Qg1+ {[%emt 0:00:30]} 48. Kd2 {[%emt 0:00:30]} Qe3+ {[%emt 0:00:00]} 49. Kd1 {[%emt 0:00:00]} Qb3+ {[%emt 0:00:00]} 50. Ke1 {[%emt 0:00:00]} Qc3+ {[%emt 0:00:30]} 51. Kf1 {[%emt 0:00:00]} Kxg5 {[%emt 0:02:30]} 52. Qe7+ {[%emt 0:01:00]} Kh5 {[%emt 0:00:00]} 53. b5 {[%emt 0:00:30]} g5 {[%emt 0:00:00]} 54. Qe6 {[%emt 0:00:00]} Qc1+ {[%emt 0:01:30]} 55. Kg2 {[%emt 0:00:00]} Qc2 {[%emt 0:00:30]} 56. b6 {[%emt 0:00:30]} 1-0

[Event "World Junior U20 Open 2018"]
[Site "Gebze"]
[Date "2018.09.08"]
[Round "5.15"]
[White "Kollars, Dmitrij"]
[Black "Zou, Chen"]
[Result "1-0"]
[WhiteElo "2536"]
[BlackElo "2365"]
[Annotator "TA"]
[PlyCount "77"]
[EventDate "2018.09.05"]
[EventType "swiss"]
[EventCountry "TUR"]
[SourceTitle "playchess.com"]
[Source "ChessBase"]
[SourceQuality "1"]

{[%evp 14,77,11,9,24,17,28,0,15,0,0,0,7,0,0,-13,-10,-39,0,-39,-16,-23,-17,-11,-15,-21,-23,-80,0,-57,-58,-74,-66,-76,-62,-64,-65,-70,-65,-75,0,0,0,0,0,0,0,0,0,0,39,28,192,57,116,129,447,438,402,375,822,797,1126,1093,29988,29989]} 1. e4 c5 2. Nf3 d6 3. Nc3 Nf6 4. e5 dxe5 5. Nxe5 e6 6. Bb5+ Nbd7 {B50: Sicilian: 2...d6, Miscellaneous} 7. d4 cxd4 (7... a6 8. Bxd7+ Nxd7 9. Qh5 Nxe5 10. dxe5 Bd7 11. Bg5 Qc7 12. O-O-O Bc6 13. Rhe1 Be7 {1-0 (50) Mamedov,R (2689)-Vovk,Y (2600) Lvov 2017}) 8. Qxd4 {LiveBook: 8 Games} Be7 {The position is equal.} 9. O-O O-O 10. Bf4 $146 ({Predecessor:} 10. Rd1 Nxe5 11. Qxe5 Qa5 12. Bf4 Bb4 13. Be2 Bxc3 14. bxc3 Qa4 15. Bg5 Nd5 16. Qg3 Kh8 17. c4 Nb6 18. c5 {½-½ (18) Bielczyk,J (2380)-Jakubiec,A (2385) Lubniewice 1994}) 10... Nxe5 11. Qxe5 Bd7 12. Rad1 {Black must now prevent Bxd7.} Qc8 13. Bd3 Rd8 14. Be3 Bc6 15. Qg3 b6 16. Ne2 Qb7 17. Bd4 Be4 18. c3 Bxd3 19. Rxd3 Qa6 20. Nf4 (20. Nc1 $11) 20... g6 ({Of course not} 20... Qxa2 $6 21. Bxf6 Bxf6 22. Nh5 $11) (20... Ne8 $17 21. Rf3 Qa5) 21. Rfd1 (21. Re1 $11) 21... Qxa2 $15 22. h4 Qa5 $1 23. Re1 {With the idea Nxe6!} Nh5 24. Nxh5 Qxh5 25. Rf3 Bd6 ({Inferior is} 25... Bxh4 26. Qf4 $16) ({But not} 25... Qxh4 $6 26. Qe5 $11) 26. Qh3 {Hoping for Rxf7!} e5 ({Black should play} 26... Qd5 $17 27. h5 Qxh5 28. Qxh5 gxh5) 27. g4 Qh6 28. Be3 Qf8 {Strongly threatening ...e4.} 29. Bg5 Be7 30. Rxe5 Rd1+ 31. Kg2 Bd6 32. Re2 h6 $2 {[#]} (32... Qc8 $1 $11 {and Black is okay.}) 33. Bf6 (33. h5 $1 $18 {[%cal Rh5g6]} Rd5 34. hxg6 Rxg5 35. gxf7+ Kg7 36. Re6) 33... Re8 {[#]} (33... Qc8 $14) 34. Rfe3 $1 $16 {[%cal Re3e8,Bf3e3,Be3e4,Be4e8][%mdl 32]} Rb8 $2 {[%mdl 8192]} (34... Rxe3 $16 {is tougher.} 35. Qxe3 Bc5) 35. Qf3 $18 Bc5 36. Re4 Rb1 $2 (36... Rc8 37. b4 Bd6) 37. Qd3 Ra1 38. Qd7 Kh7 39. Re8 {Precision: White = 49%, Black = 31%.} 1-0

[Event "World Junior U20 Open 2018"]
[Site "Gebze"]
[Date "2018.09.08"]
[Round "5.16"]
[White "Santos Ruiz, Miguel"]
[Black "Gavrilescu, David"]
[Result "1-0"]
[WhiteElo "2524"]
[BlackElo "2470"]
[Annotator "TA"]
[PlyCount "55"]
[EventDate "2018.09.05"]
[EventType "swiss"]
[EventCountry "TUR"]
[SourceTitle "playchess.com"]
[Source "ChessBase"]
[SourceQuality "1"]

{[%evp 9,55,25,27,22,30,17,25,22,29,25,30,33,40,34,34,27,71,58,74,54,45,31,46,39,91,79,138,144,168,174,181,177,191,161,158,124,672,658,650,643,568,350,492,502,1181,1094,5314,5306]} 1. c4 e6 2. Nc3 d5 3. d4 Bb4 4. cxd5 exd5 5. Bf4 c6 6. e3 {D31: Queen's Gambit Declined: Semi-Slav without ...Nf6 (+ Marshall Gambit and Noteboom) and Exchange Variation lines without ...Nf6} Ne7 (6... Bf5 7. Bd3 Bxd3 8. Qxd3 Ne7 9. Nge2 Nd7 10. O-O O-O 11. a3 Ba5 12. Rfc1 a6 13. Bg5 {½-½ (74) Andreikin,D (2708)-Fedoseev,V (2731) Sochi 2017}) 7. h4 O-O $146 ({Predecessor:} 7... Bd6 8. Qf3 a5 9. h5 h6 10. Bd3 Na6 11. Nge2 Nb4 12. Bb1 O-O 13. g4 {½-½ (28) Santos Ruiz,M (2508)-Buhmann,R (2564) Germany 2018}) 8. a3 {White has an edge.} Bd6 9. Qf3 Bxf4 10. Qxf4 Qd7 11. Bd3 Qg4 12. Qh2 Qe6 13. Nf3 {Ng5 is the strong threat.} Qf6 14. O-O-O Bf5 15. Qc7 {[#] Black must now prevent Bxf5.} Nd7 16. Qxb7 Rfb8 (16... Rfc8 $14) 17. Qc7 $36 {[%mdl 2048] White has strong initiative.} Rb3 ({Black should try} 17... Bxd3 18. Rxd3 (18. Qxd7 Bf5 $14) 18... Qe6) 18. Ne5 Nxe5 19. dxe5 Qg6 20. h5 ({Resist} 20. Qxe7 $6 Bxd3 21. e6 Bf5 $16) 20... Qxg2 {[#] Hoping for ...Bxd3.} 21. Bxf5 ({But not} 21. Qxe7 $6 Bxd3 22. e6 Rf8 $14) 21... Nxf5 22. Qxc6 Rd8 $2 {[%mdl 8192]} (22... Rbb8 $16) 23. Nxd5 $18 {Nf6+! would kill now.} Kh8 24. Nc3 {[%cal Rd1d8]} Qg5 25. Rxd8+ Qxd8 26. Rd1 {[%cal Rd1d8] White is clearly winning.} Qb8 (26... Qf8 $142 27. Rd7 Rb8 28. Rxa7 Nh6) 27. Qd7 {Intending Qd8+ and mate.} g6 28. Qxf7 {Precision: White = 94%, Black = 26%.} 1-0

[Event "World Junior U20 Open 2018"]
[Site "Gebze"]
[Date "2018.09.08"]
[Round "5.17"]
[White "Yakubboev, Nodirbek"]
[Black "Batsuren, Dambasuren"]
[Result "0-1"]
[WhiteElo "2521"]
[BlackElo "2446"]
[Annotator "TA"]
[PlyCount "86"]
[EventDate "2018.09.05"]
[EventType "swiss"]
[EventCountry "TUR"]
[SourceTitle "playchess.com"]
[Source "ChessBase"]
[SourceQuality "1"]

{[%evp 34,86,-22,-23,-12,-26,0,-26,-38,-95,-31,-107,-116,-101,-57,-96,-87,-97,-93,-82,-69,-61,-65,-81,-99,-131,-135,-130,-117,-121,-114,-119,-84,-83,-78,-123,-81,-141,0,-208,-201,-151,-80,-325,-304,-312,-297,-276,-281,-897,-887,-1240,-1210,-1369,-1363]} 1. d4 Nf6 2. c4 e6 3. g3 d5 4. Bg2 Be7 5. Nf3 O-O 6. O-O dxc4 7. Qc2 a6 8. a4 Bd7 {[%cal Bc8d7,Bd7c6,Bc6e4][%mdl 32]} 9. Qxc4 Bc6 10. Nc3 b5 11. Qd3 b4 12. Nb1 Be4 13. Qd1 c5 {E05: Open Catalan: 5 Nf3 Be7} (13... Nbd7 14. Bg5 c5 15. Nbd2 Bd5 16. Bxf6 Nxf6 17. dxc5 Bxc5 18. Nb3 Rc8 19. Ne5 Bd6 20. Bxd5 Nxd5 21. Nd3 {1-0 (54) Kamsky,G (2721)-Radjabov,T (2713) Beijing 2013}) 14. dxc5 Nbd7 15. Nbd2 Bd5 16. Nb3 Nxc5 17. Nxc5 Bxc5 18. Ne5 {LiveBook: 9 Games} Bxg2 19. Kxg2 (19. Qxd8 {keeps more tension.} Rfxd8 20. Kxg2 Nd7 21. Nxd7 Rxd7 22. Bf4) 19... h6 $146 ({Predecessor:} 19... Qc7 20. Nd3 Be7 21. Qb3 Rfd8 22. Rd1 {½-½ (38) Zaitsev,A (2406)-Kiselev,A (2294) Miass 2007}) 20. f3 Rc8 21. Nd3 (21. Qxd8 $15 Rfxd8 22. Nd3) 21... a5 (21... Qd4 $17 22. Nxc5 Qxc5) 22. e4 (22. Nxc5 $15 Rxc5 23. Be3 Qxd1 24. Rfxd1) 22... Bd4 $17 23. Bf4 Qe7 24. Qe2 e5 25. Be3 Bxe3 26. Qxe3 Rc2+ 27. Rf2 Rfc8 28. Rd1 Qd7 29. Rdd2 Rxd2 ({Don't do} 29... Qxa4 30. Nxe5 b3 31. Nd3 $15) 30. Rxd2 Qxa4 31. Nxe5 Qb5 32. Nd3 a4 33. Qd4 b3 34. Kf2 Qa5 35. Ke2 (35. Nf4 $142) 35... Qb5 (35... Nh7 $1 $17 36. Nf4 Nf8) 36. Qb4 $2 (36. Kf2 $1 $11) 36... Qa6 $1 $19 37. Ke3 Kh7 (37... Nd7 $142 $1 38. h4 Qa7+ 39. Qd4 Nb6) 38. Qd4 $2 (38. Nf4 $17) 38... Rc4 39. Qd8 Qa7+ 40. Ke2 {[#]} Qg1 $1 41. Nf2 $2 {[#]} (41. Qa5) 41... Rc1 $1 {Black is clearly winning.} 42. Rd1 Rc2+ 43. Rd2 a3 {Precision: White = 25%, Black = 55%.} 0-1

[Event "World Junior U20 Open 2018"]
[Site "Gebze"]
[Date "2018.09.08"]
[Round "5.18"]
[White "Van Foreest, Jorden"]
[Black "Miciano, John Marvin"]
[Result "1-0"]
[WhiteElo "2624"]
[BlackElo "2374"]
[Annotator "TA"]
[PlyCount "67"]
[EventDate "2018.09.05"]
[EventType "swiss"]
[EventCountry "TUR"]
[SourceTitle "playchess.com"]
[Source "ChessBase"]
[SourceQuality "1"]

{[%evp 11,67,23,15,8,2,18,14,14,31,0,23,16,19,31,28,31,26,37,38,12,48,-10,72,67,81,61,167,128,104,79,1031,987,1441,1139,29987,29988,29990,29991,29991,29992,29992,1547,1517,1517,1495,1092,1482,1493,1450,1414,1433,1424,1424,1402,1083,1075,1074,1040]} 1. e4 g6 2. d4 Bg7 3. Nc3 d6 4. f4 Nf6 5. Bd3 Nc6 6. Nf3 {B09: Pirc Defence: Austrian Attack} Bg4 {LiveBook: 18 Games} 7. Be2 (7. e5 Bxf3 8. gxf3 Nh5 9. Be3 O-O 10. Qd2 dxe5 11. dxe5 e6 12. O-O-O Qh4 13. Rdg1 Rad8 {0-1 (33) Karjakin,S (2753)-Ding,L (2749) Heixiazi 2015}) 7... Bxf3 $146 ({Predecessor:} 7... O-O 8. d5 Nb8 9. O-O c6 10. Be3 cxd5 11. exd5 Na6 12. h3 Bxf3 13. Bxf3 Nd7 {1-0 (58) De Firmian,N (2490)-Haik,A (2455) Biel 1986}) 8. Bxf3 {The position is equal.} e5 $1 9. d5 Nd4 10. O-O O-O 11. f5 c6 12. dxc6 bxc6 13. g4 h6 14. Bg2 Rb8 15. Kh1 Qa5 16. h4 ({White should play} 16. Rb1 $14) 16... g5 (16... d5 $11 {keeps the balance.}) 17. hxg5 $16 hxg5 18. Bxg5 Rxb2 (18... Nh7 $1 $14 19. Bc1 Qd8) 19. Bd2 $1 $18 {Black must now prevent g5.} Rxc2 20. g5 $1 {[%cal Rg5f6] [#]} Nh5 $2 {[%mdl 8192]} ({Avoid the trap} 20... Rxc3 $2 21. gxf6 Qa3 22. Bxc3 $18) (20... Rxd2 $1 $16 {[%mdl 512]} 21. Qxd2 Nh5) 21. Qxh5 {Threatens to win with g6.} Rxd2 22. f6 Ne6 23. Bh3 Nf4 24. Rxf4 $1 Qxc3 25. fxg7 {[%csl Gg7][%cal Rh5h8]} Qxa1+ 26. Rf1 (26. Bf1 $142 Kxg7 27. Qh6+ Kg8 {[#]} 28. g6 $1 {[%mdl 512]} Rh2+ 29. Kxh2 Qxa2+ 30. Bg2 Rd8 31. Qh7+ Kf8 32. Rxf7+ Ke8 33. Qh8#) 26... Qxf1+ {White is clearly winning.} 27. Bxf1 {[%csl Gg7][%cal Rh5h8]} Kxg7 28. Qh6+ Kg8 29. g6 fxg6 30. Qxg6+ Kh8 31. Qh6+ Kg8 32. Bc4+ d5 33. Qxd2 dxc4 34. Qg5+ {Precision: White = 72%, Black = 38%.} 1-0

[Event "World Junior U20 Open 2018"]
[Site "Gebze"]
[Date "2018.09.08"]
[Round "5.19"]
[White "Agmanov, Zhandos"]
[Black "Xu, Xiangyu"]
[Result "1-0"]
[WhiteElo "2379"]
[BlackElo "2586"]
[Annotator "TA"]
[PlyCount "101"]
[EventDate "2018.09.05"]
[EventType "swiss"]
[EventCountry "TUR"]
[SourceTitle "playchess.com"]
[Source "ChessBase"]
[SourceQuality "1"]

{[%evp 25,101,87,88,71,92,88,87,88,88,0,0,0,0,0,0,0,52,60,35,56,35,39,39,33,31,40,43,32,47,45,44,41,63,55,62,70,63,53,75,51,64,54,65,0,0,0,70,69,93,91,172,187,239,233,251,258,263,261,216,198,449,430,586,571,954,945,2065,2052,2058,738,1635,1339,1968,1245,1008,530,522,518]} 1. e4 {Volokitin,A} c5 2. Nf3 {[%cal Bg1f3,Bf3d4,Bd4b5][%mdl 32]} d6 3. d4 cxd4 4. Nxd4 Nf6 5. Nc3 Bd7 6. Bg5 e6 7. Ndb5 Bc6 8. Bxf6 gxf6 9. Qh5 a6 10. Nd4 Bd7 11. O-O-O Nc6 12. Nb3 Qb6 {B60: Sicilian: Richter-Rauzer: Unusual Black 6th moves and 6...Bd7 without 7 Qd2} 13. Rd2 O-O-O {LiveBook: 5 Games} 14. Kb1 Be8 {White is better.} 15. g3 Kb8 16. f4 Bg7 $146 ({Predecessor:} 16... Qc7 17. Bh3 Na7 18. Rhd1 Nc8 19. Bf1 Nb6 20. Rd4 {½-½ (51) Volokitin,A (2642)-Druska,J (2466) Gjakova 2016 CBM 173 [Volokitin,A]}) 17. a3 (17. Bh3 $16) 17... f5 $11 18. exf5 Na5 19. fxe6 Bxc3 20. bxc3 Bc6 (20... Nxb3 $11 21. cxb3 Bc6) 21. Qxa5 $14 Qxa5 22. Nxa5 Bxh1 23. exf7 Rhf8 24. Bh3 {Be6 is the strong threat.} Rxf7 25. Be6 Rg7 26. Nb3 Bc6 27. Nd4 Bd7 28. f5 Kc8 29. Rf2 Rf8 30. Rf4 Re7 31. Bc4 h6 32. Bd3 Kd8 33. Kb2 $36 {[%mdl 2048] White has good play.} Re3 34. g4 ({White should play} 34. c4 $14) 34... Rh3 $11 35. Rf2 Ke7 ({Better is} 35... Rh4 $11) 36. Ne2 $1 $14 {[%cal Re2f4] Black must now prevent Nf4.} Rh4 {[#]} 37. h3 $1 {[%mdl 512]} Kf6 ({But not} 37... h5 $2 38. g5 $18) (37... Rxh3 $16 {keeps fighting.} 38. Nf4 Rg3) (37... Rxh3 38. Nf4) 38. Nf4 $18 {Threatens to win with Ng6.} Re8 (38... Rf7 {was worth a try.} 39. Bf1 h5) 39. Bf1 Re1 40. Ng6 Rxf1 41. Rxf1 Rxh3 {[%mdl 4096] Endgame KRB-KRN} 42. Rd1 Ba4 $2 (42... Kg5 {might work better.}) 43. Rxd6+ {White is clearly winning.} Kg5 44. Ne5 Kf4 45. Nd3+ Ke3 46. f6 Rf3 47. Re6+ Kd2 48. Ne5 Rf2 49. f7 Bxc2 50. f8=Q Rxf8 51. Rd6+ {Precision: White = 76%, Black = 35%.} 1-0

[Event "World Junior U20 Open 2018"]
[Site "Gebze"]
[Date "2018.09.08"]
[Round "5.20"]
[White "Nikitenko, Mihail"]
[Black "Sunilduth Lyna, Narayanan"]
[Result "0-1"]
[WhiteElo "2368"]
[BlackElo "2573"]
[Annotator "RC"]
[PlyCount "76"]
[EventDate "2018.09.05"]
[EventType "swiss"]
[EventCountry "TUR"]
[SourceTitle "playchess.com"]
[Source "ChessBase"]
[SourceQuality "1"]
[TimeControl "40/5400+30:1800+30"]

1. e4 {[%emt 0:00:30]} e5 {[%emt 0:00:30]} 2. Nf3 {[%emt 0:00:30]} Nc6 {[%emt 0:00:30]} 3. Bb5 {[%emt 0:00:30]} a6 {[%emt 0:00:30]} 4. Ba4 {[%emt 0:00:30]} Nf6 {[%emt 0:00:30]} 5. O-O {[%emt 0:00:00]} Be7 {[%emt 0:00:00]} 6. Bxc6 {[%emt 0:00:00]} dxc6 {[%emt 0:00:00]} 7. d3 {[%emt 0:00:00]} Nd7 {[%emt 0:00:00]} 8. Nbd2 {[%emt 0:00:00]} O-O {[%emt 0:00:00]} 9. Nc4 {[%emt 0:00:00]} f6 {[%emt 0:00:30]} 10. Nh4 {[%emt 0:00:00]} g6 {[%emt 0:00:30]} 11. g3 {[%emt 0:17:30]} Nb6 {[%emt 0:10:30]} 12. Nxb6 {[%emt 0:07:30]} cxb6 {[%emt 0:00:30]} 13. Ng2 {[%emt 0:00:00]} Be6 {[%emt 0:10:30]} 14. b3 {[%emt 0:03:00]} a5 {[%emt 0:09:30]} 15. Bb2 {[%emt 0:02:30]} a4 {[%emt 0:02:30]} 16. Kh1 {[%emt 0:03:30]} b5 {[%emt 0:06:30]} 17. Rb1 {[%emt 0:00:30]} Bc5 {[%emt 0:08:30]} 18. f4 {[%emt 0:09:30]} Bd4 {[%emt 0:00:30]} 19. c3 {[%emt 0:00:30]} Bb6 {[%emt 0:00:30]} 20. c4 {[%emt 0:00:30]} axb3 {[%emt 0:00:30]} 21. axb3 {[%emt 0:00:30]} Qd6 {[%emt 0:00:30]} 22. f5 {[%emt 0:00:30]} gxf5 {[%emt 0:00:30]} 23. exf5 {[%emt 0:00:30]} Bf7 {[%emt 0:00:30]} 24. Qg4+ {[%emt 0:00:30]} Kh8 {[%emt 0:00:30]} 25. Ne1 {[%emt 0:00:30]} Rg8 {[%emt 0:00:30]} 26. Qh4 {[%emt 0:00:30]} h5 {[%emt 0:21:30]} 27. Qe4 {[%emt 0:26:30]} Rg4 {[%emt 0:01:30]} 28. Qe2 {[%emt 0:02:30]} Rd8 {[%emt 0:01:30]} 29. Nf3 {[%emt 0:03:30]} Qxd3 {[%emt 0:04:42]} 30. Qxd3 {[%emt 0:00:30]} Rxd3 {[%emt 0:00:30]} 31. Bxe5 {[%emt 0:00:00]} Kg7 {[%emt 0:01:03]} 32. Ba1 {[%emt 0:02:00]} Bc5 {[%emt 0:04:18]} 33. b4 {[%emt 0:07:01]} Bf8 {[%emt 0:00:00]} 34. cxb5 {[%emt 0:01:55]} Bd5 {[%emt 0:02:30]} 35. Kg2 {[%emt 0:00:03]} Rxb4 {[%emt 0:00:00]} 36. Rxb4 {[%emt 0:01:18]} Bxb4 {[%emt 0:00:00]} 37. bxc6 {[%emt 0:00:09]} bxc6 {[%emt 0:00:06]} 38. h3 {[%emt 0:00:00]} Bc3 {[%emt 0:00:29]} 0-1